Fake TV Shows on Real TV Shows Quiz Stats

 Plays Quiz Updated Jan 10, 2019

Support Sporcle.
Go Orange.
Score 0/29 Timer 08:00
0 Plays Today
% Correct
The Simpsons
85.7%
Home Improvement
74.9%
Saturday Night Live
64.9%
Seinfeld
64.2%
30 Rock
62.6%
South Park
59.5%
Friends
58%
Full House
51.1%
Sesame Street
34.4%
How I Met Your Mother
32.2%
The O.C.
30.7%
The Muppet Show
29.8%
Sports Night
23.3%
Murphy Brown
22.8%
Studio 60 On The Sunset Strip
17.7%
% Correct
Newhart
16.1%
Arrested Development
16%
The Mary Tyler Moore Show
14.4%
The Dick Van Dyke Show
14.3%
The West Wing
13.9%
The Larry Sanders Show
12.6%
Married... With Children
10.5%
SCTV
10.3%
Sonny With A Chance
10.3%
Lost
9.2%
Law & Order
8.1%
House, M.D.
6.6%
The Famous Jett Jackson
6%
The Comeback
3.8%

From the Vault

Quiz Mountain: Middle-earth

by bhenderson79

If you're climbing Mt. Doom, aim to be more like Sam and less like Frodo.
Remove Ads.
Support Sporcle.
Get the best of Sporcle when you Go Orange. This ad-free experience offers more features, more stats, and more fun while also helping to support Sporcle. Thank you for becoming a member.

Show Comments

Extras

Top Quizzes Today


Score Distribution

Your Account Isn't Verified!

In order to create a playlist on Sporcle, you need to verify the email address you used during registration. Go to your Sporcle Settings to finish the process.

Report this User

Report this user for behavior that violates our Community Guidelines.

Details: